| 000 | 01728nam0a2200325 4500 | ||
|---|---|---|---|
| 001 | RU\NLR\BIBL_A\012137787 | ||
| 005 | 20260407214818.0 | ||
| 021 |
_aRU _b88-24029 |
||
| 035 | _a(NLR Aleph) 012137787 | ||
| 090 |
_a12082202 _c12082202 |
||
| 100 | _a20031121d1988 |||y0rusy50 ca | ||
| 101 | 0 | _arus | |
| 102 | _aRU | ||
| 105 | _aa j|||||||| | ||
| 200 | 1 |
_aПЭВМ "Агат" в УПК и школе _e(учебное пособие для учащихся) _f[сост.: О.Г. Свиридова, И.В. Ульянова, Л.Б. Каган и др.] _gпод ред. В.М. Лайхтмана _g[ВДНХ СССР], М-во просвещения БССР. Респ. учеб.-метод. каб., Гомель. обл. ин-т усовершенствования учителей, Гомель. обл. совет Пед. о-ва БССР |
|
| 210 |
_aГомель _cГомельский областной совет Педагогического общества БССР _d1988 |
||
| 215 |
_a63 с. _cил. _d20 |
||
| 320 | _aБиблиогр.: с. 62 | ||
| 606 | 1 |
_aКомпьютеры персональные АГАТ _jУчебные издания для средней школы _91853992 _3RU\NLR\AUTH\661131626 |
|
| 686 | 1 | _aз973.23я72 | |
| 702 | 1 |
_aСвиридова _bО. Г. _4220 |
|
| 702 | 1 |
_aУльянова _bИ. В. _4220 |
|
| 702 | 1 |
_aКаган _bЛ. Б. _4220 |
|
| 702 | 1 |
_aЛайхтман _bВ. М. _4340 |
|
| 711 | 0 | 1 |
_4650 _aБССР _bМинистерство просвещения _bУчебно-методический кабинет _3RU\NLR\AUTH\8810144611 _9783646 |
| 801 | 0 |
_aRU _bNLR _gpsbo |
|
| 852 |
_aNLR _j88-4/21253 |
||
| 942 | _cBOOK | ||
| 980 | _aNB | ||